El "Tercer Sector", la "economía social" y la participación del trabajo social en sus escenarios laborales tomando el caso de Costa Rica = The third Sector, the social economy and social work in Costa Rica /
El presente artículo da a conocer los orígenes, las características y las manifestaciones del tercer sector y la economía social, dado a la importancia de las organizaciones que lo conforman, en la prestaciones de servicios sociales a la población. a su vez evidencia la vinculación de las profesiona...
Gespeichert in:
| 1. Verfasser: | |
|---|---|
| Format: | Text |
| Schlagworte: | |
| Tags: |
Tag hinzufügen
Keine Tags, Fügen Sie den ersten Tag hinzu!
|
MARC
| LEADER | 00000 a a2200000 04500 | ||
|---|---|---|---|
| 001 | 39924 | ||
| 003 | |||
| 040 | |||
| 100 | |a Quesada, Ana C. | ||
| 245 | |a El "Tercer Sector", la "economía social" y la participación del trabajo social en sus escenarios laborales tomando el caso de Costa Rica = |b The third Sector, the social economy and social work in Costa Rica / |c Ana C. Quesada | ||
| 520 | |a El presente artículo da a conocer los orígenes, las características y las manifestaciones del tercer sector y la economía social, dado a la importancia de las organizaciones que lo conforman, en la prestaciones de servicios sociales a la población. a su vez evidencia la vinculación de las profesionales en Trabajo Social con las organizaciones de este sector en Costa Rica. | ||
| 590 | |a SJB/MARZO2011 | ||
| 650 | |a 1.SERVICIOS SOCIALES | ||
| 650 | |a 2.TRABAJO SOCIAL | ||
| 650 | |a 3.CAMBIO SOCIAL | ||
| 650 | |a 4.SOCIEDAD CIVIL | ||
| 650 | |a 5.GRUPOS POPULARES | ||
| 650 | |a 6.ORGANIZACIONES NO GUBERNAMENTALES | ||
| 650 | |a 7.GLOBALIZACION | ||
| 650 | |a 8.COSTA RICA | ||
| 773 | |g número119 (2008), 107-119 | ||
| 999 | |c 30051 |d 30051 | ||
| 773 | 0 | |0 18728 |9 3025 |a Universidad de Costa Rica |d San José, Costa Rica Editorial UCR 1956- |o 07593 |t Revista de Ciencias Sociales/ |x 04825276 | |
